| 000 | 00670nam a2200181 4500 | ||
|---|---|---|---|
| 005 | 20260330085543.0 | ||
| 008 | 221019b ||||| |||| 00| 0 eng d | ||
| 020 | _a9786214182183 | ||
| 082 | _aDFil 363.254 M291 2022 | ||
| 100 |
_aMalawis-Ignacio, Mary Grace B. _946422 |
||
| 245 |
_aPolygraphy expanded : _ba modern way of lie detection / _cMary Grace B. Malawis-Ignacio. |
||
| 260 |
_aQuezon City : _bWiseman's Books Trading, Inc., _c©2022. |
||
| 300 |
_aiv, 174 pages : _billustrations ; _c22 cm. |
||
| 500 | _aIncludes bibliographical references. | ||
| 650 |
_aLie detectors and detection. _946423 |
||
| 650 |
_aLie detectors _xUse. _946424 |
||
| 942 |
_2ddc _cDFIL |
||
| 999 |
_c17440 _d17440 |
||